Guess the Elden Ring starting class by equipment - Statistics

General Stats
  • This quiz has been taken 17 times
  • The average score is 7 of 10
Answer Stats
Class % Correct
Samurai
90%
Astrologer
80%
Prisoner
80%
Wretch
80%
Bandit
70%
Confessor
70%
Hero
70%
Vagabond
70%
Warrior
60%
Prophet
40%
No matching quizzes found
Score Distribution
Percent of People with Each Score
Percentile by Number Answered
Your Score History
You have not taken this quiz